000 00492nam a2200193 a 4500
003 MO
005 20170314085450.0
008 100918s19uu xx 00 eng d
050 _aTR
_bC67 2005
100 _aColfer, Eoin.
245 _aArtemis Fowl. The opal deception.
260 _aNew York :
_bScholastic ,
_c2005.
520 _a
650 _aFairies
_xFiction.
650 _aKidnapping
_x Fiction.
650 _aMothers and sons
_x Fiction.
942 _2ddc
_cBK
999 _c110681
_d110681